000 01120nam a22002897a 4500
001 000685
003 DO-SdBNP
005 20221103133242.0
007 000685
008 151210b 2010 sp ac 00| 0 spa d
020 _a9788403099951
040 _aBPMSU
_bspa
_cBPMSU
082 4 _a709.024
_bB646s 2010
_222
100 1 _aBlech, Benjamin
240 1 4 _aThe sistine secrets. Michelangelo´s forbidden massages in the heart of the Vatican /
_lEspañol
245 1 4 _aLos secretos de la Capilla Sixtina :
_blos mensajes prohibidos de Miguel Ángel en el corazón del Vaticano /
_cBenjamin Blech, Roy Doliner ; traducción Isabel Murillo
260 _aMadrid ;
_bAguilar,
_bSantillana ediciones generales,
_c2010.
300 _a343 p.;
_bil., retr. ;
_c24 cm.
500 _aIncluye referencias bibliográficas y notas al pie de las páginas
504 _aBibliografía p: 339-341
600 1 4 _aMiguel Ángel,
_d1475-1564.
650 4 _aCapilla sixtina. (Ciudad del Vaticano)
650 4 _aArte cristiano
_zItalia.
700 1 2 _aMurillo, Isabel
_etrad.
910 _a Lockward/ VMateo V. /Validado
942 _2ddc
_cBK
999 _c11441
_d11441